| 000 | 00584cam a2200229 4500 | ||
|---|---|---|---|
| 001 | 347710 | ||
| 005 | 20180316043833.0 | ||
| 008 | 710520s1971 nyu b 000 0 eng | ||
| 010 | _a 76151068 | ||
| 020 | _a0155038214 | ||
| 040 |
_aDLC _cDLC _dDLC |
||
| 041 | _aeng | ||
| 043 | _an-us--- | ||
| 080 | _a428 | ||
| 082 | 0 | 0 | _a428 KER |
| 100 | 1 | _a25 | |
| 101 | _aEDU | ||
| 245 | 1 | 0 |
_aAspects of American English _c[by] Elizabeth M. Kerr [and] Ralph M. Aderman. |
| 504 | _aBibliography: p. 377-380. | ||
| 906 |
_a7 _bcbc _corignew _d2 _encip _f19 _gy-gencatlg |
||
| 942 |
_2ddc _cBK |
||
| 999 |
_c45208 _d45208 |
||